| 000 | 00313nam a2200109Ia 4500 | ||
|---|---|---|---|
| 005 | 20251222143231.0 | ||
| 008 | 251222s9999||||xx |||||||||||||| ||spa|| | ||
| 082 | _a370.78/C75/2000/Ej.2 | ||
| 245 | 0 | _aII Encuentro Internacional sobre Educación Productiva | |
| 264 | _bColegio Militar "Leoncio Prado" | ||
| 942 | _cLIB | ||
| 999 |
_c14192 _d14192 |
||